00410cam a2200157ua 45000010005000000080039000050200018000440400009000620820011000711000028000822450038001102600040001483000022001886530014002106530028002241510110711n ii |||gr||||Z||||||asm a81-7339-027-4 cMAIN a330.011 aHuda, Monirul,eAuthor.1 aArthaniti tattvacby Monirul Huda aDibrugarh:bBanalata,995.aGuahati: axiii; 52p:c23cm. aEconomics aPrinciples of economics